Ligue des Champions - Meilleurs Buteurs - Statistiques

Statistiques générales
  • Ce quiz a été pris 256 fois
  • Le résultat moyen est 15 sur 20
Statistiques - réponses
Rang Joueur Buts Pays % Correct
1 Cristiano Ronaldo 141 langfr-1920px-Flag_of_Portugal_%28official%29.svg.png
100%
2 Lionel Messi 129 langfr-1920px-Flag_of_Argentina.svg.png
100%
6 Kylian Mbappé 70 langfr-1920px-Flag_of_France.svg.png
98%
4 Karim Benzema 90 langfr-1920px-Flag_of_France.svg.png
95%
3 Robert Lewandowski 109 langfr-1920px-Flag_of_Poland.svg.png
94%
9 Erling Haaland 57 langfr-1920px-Flag_of_Norway.svg.png
90%
11 Mohamed Salah 54 langfr-250px-Flag_of_Egypt.svg.png
90%
10 Thomas Müller 57 langfr-1920px-Flag_of_Germany.svg.png
85%
13 Thierry Henry 51 langfr-1920px-Flag_of_France.svg.png
84%
15 Zlatan Ibrahimović 49 langfr-1920px-Flag_of_Sweden.svg.png
84%
12 Harry Kane 54 langfr-1920px-Flag_of_England.svg.png
83%
20 Didier Drogba 44 langfr-1920px-Flag_of_C%C3%B4te_d%27Ivoire.svg.png
82%
5 Raúl 71 langfr-1920px-Flag_of_Spain.svg.png
72%
8 Andreï Chevtchenko 59 langfr-1920px-Flag_of_Ukraine.svg.png
68%
19 Antoine Griezmann 45 langfr-1920px-Flag_of_France.svg.png
56%
7 Ruud van Nistelrooy 60 langfr-1920px-Flag_of_the_Netherlands.svg.png
49%
17 Eusébio 47 langfr-1920px-Flag_of_Portugal_%28official%29.svg.png
47%
14 Filippo Inzaghi 50 langfr-1920px-Flag_of_Italy.svg.png
43%
18 Sergio Agüero 47 langfr-1920px-Flag_of_Argentina.svg.png
43%
16 Alfredo Di Stéfano 49 langfr-1920px-Flag_of_Spain.svg.png
27%
Aucun quiz correspondant
Distribution des résultats
% des personnes avec chaque résultat
Percentile par nombre de réponses
Votre historique - résultats
Vous n’avez pas pris ce quiz